[Event "Corsica-chT"]
[Site "Ponte Leccia"]
[Date "2010.03.28"]
[Round "1"]
[White "Gossart, Gerard"]
[Black "Pognot, Jean Raphael"]
[Result "1-0"]
[WhiteElo "1718"]
[BlackElo "1299"]
[PlyCount "59"]
[EventDate "2010.03.28"]
[EventType "team-tourn"]
[EventRounds "9"]
[EventCountry "FRA"]
[SourceTitle "EXT 2012"]
[Source "ChessBase"]
[SourceDate "2011.11.24"]
[SourceVersion "1"]
[SourceVersionDate "2011.11.24"]
[SourceQuality "1"]

1. e4 e5 2. Nf3 Nc6 3. Bc4 Nf6 4. Ng5 d5 5. exd5 Nxd5 6. Nxf7 Kxf7 7. Qf3+ Ke8 8. Bxd5 Qe7 9. Bxc6+ Bd7 10. Bxd7+ Qxd7 11. Qxb7 Rd8 12. 0-0 Bc5 13. Nc3 c6 14. Qxd7+ Rxd7 15. Ne4 Bb6 16. d3 Rf8 17. Be3 Bd8 18. Nc5 Rdf7 19. Ne6 Rg8 20. Nxd8 Kxd8 21. Rae1 g5 22. Bc5 Re8 23. Re4 h6 24. Rfe1 Rf5 25. d4 a5 26. Rxe5 Rfxe5 27. Rxe5 Rxe5 28. dxe5 Kd7 29. f3 Ke6 30. Bd6 1-0

[Event "Corsica-chT"]
[Site "Ponte Leccia"]
[Date "2010.03.28"]
[Round "2"]
[White "Luciani, Jean Francois"]
[Black "Gossart, Gerard"]
[Result "1/2-1/2"]
[WhiteElo "1695"]
[BlackElo "1718"]
[PlyCount "100"]
[EventDate "2010.03.28"]
[EventType "team-tourn"]
[EventRounds "9"]
[EventCountry "FRA"]
[SourceTitle "EXT 2012"]
[Source "ChessBase"]
[SourceDate "2011.11.24"]
[SourceVersion "1"]
[SourceVersionDate "2011.11.24"]
[SourceQuality "1"]

1. e4 e5 2. Nf3 Nc6 3. Bb5 a6 4. Bxc6 dxc6 5. 0-0 Bg4 6. h3 Bh5 7. d3 Bd6 8. Be3 Qd7 9. Nbd2 Nf6 10. c3 c5 11. Qc2 h6 12. d4 cxd4 13. cxd4 exd4 14. Bxd4 Be7 15. Rac1 c5 16. Be5 Bg6 17. Rfe1 0-0 18. Qc4 Qe6 19. Qxe6 fxe6 20. Bh2 Rfd8 21. e5 Nd5 22. a3 b5 23. Ne4 c4 24. Nd6 Nb6 25. Nd4 Bf7 26. Nc6 Rd7 27. Nxe7+ Rxe7 28. Nxf7 Kxf7 29. Rcd1 Nd5 30. Bg3 Rd7 31. f3 Rad8 32. Bf2 Nf4 33. Rxd7+ Rxd7 34. Be3 Nd3 35. Re2 Rd5 36. f4 Nc5 37. Bxc5 Rxc5 38. Kf2 Rd5 39. Ke3 a5 40. Rd2 b4 41. axb4 axb4 42. Rxd5 exd5 43. f5 c3 44. bxc3 bxc3 45. Kd3 d4 46. g4 Ke7 47. Kc2 Kf7 48. Kd3 Ke7 49. Kc2 Kf7 50. Kd3 Ke7 1/2-1/2

[Event "Calvi Balagne op 06th"]
[Site "Calvi"]
[Date "2009.04.28"]
[Round "1"]
[White "Massoni, Michael"]
[Black "Gossart, Gerard"]
[Result "1-0"]
[WhiteElo "2272"]
[BlackElo "1720"]
[PlyCount "73"]
[EventDate "2009.04.28"]
[EventType "swiss"]
[EventRounds "9"]
[EventCountry "FRA"]
[SourceTitle "CBM 130 Extra"]
[Source "ChessBase"]
[SourceDate "2009.07.02"]
[SourceVersion "2"]
[SourceVersionDate "2009.07.15"]
[SourceQuality "1"]

1. e4 e5 2. Nf3 Nc6 3. Bb5 a6 4. Ba4 d6 5. c3 Nf6 6. d3 Be7 7. Nbd2 b5 8. Bc2 Na5 9. b4 Nb7 10. Nb3 a5 11. 0-0 Bg4 12. d4 Nd7 13. Qd3 c6 14. a3 0-0 15. h3 Bh5 16. Bd2 Qc7 17. Nh2 Bg6 18. f4 f5 19. fxe5 fxe4 20. Qe2 a4 21. Nc1 d5 22. Bf4 Nb6 23. Ng4 Nc4 24. Ne3 Nb6 25. Qg4 Qd7 26. Qg3 Qe6 27. Bd1 h5 28. Ra2 Kh7 29. Raf2 Rf7 30. Ne2 Raf8 31. Bg5 Rxf2 32. Rxf2 Rxf2 33. Kxf2 Qf7+ 34. Nf4 Nc8 35. Bxe7 Nxe7 36. Qg5 Nd8 37. Kg3 1-0

[Event "Corsica-chT"]
[Site "Ajaccio"]
[Date "2009.03.15"]
[Round "1.3"]
[White "Comiti, Tony"]
[Black "Gossart, Gerard"]
[Result "1/2-1/2"]
[WhiteElo "1460"]
[BlackElo "1720"]
[PlyCount "81"]
[EventDate "2009.03.15"]
[EventType "team-tourn"]
[EventRounds "9"]
[EventCountry "FRA"]
[SourceTitle "EXT 2010"]
[Source "ChessBase"]
[SourceDate "2010.11.25"]
[SourceVersion "1"]
[SourceVersionDate "2010.11.25"]
[SourceQuality "1"]
[WhiteTeam "Ajaccien CC IV"]
[BlackTeam "Corsica CC II"]
[WhiteTeamCountry "FRA"]
[BlackTeamCountry "FRA"]

1. e4 e5 2. d4 exd4 3. c3 dxc3 4. Nxc3 Bb4 5. Bd2 d6 6. Qa4+ Nc6 7. Bb5 Bxc3 8. Bxc6+ bxc6 9. Qxc6+ Bd7 10. Qxc3 f6 11. Nf3 Ne7 12. 0-0 0-0 13. Rac1 c5 14. Bf4 Be6 15. Qd3 Bxa2 16. Qxd6 c4 17. Qa3 Bb3 18. Nd2 Ng6 19. Be3 Qd3 20. Rc3 Qd7 21. Nxb3 cxb3 22. Qxb3+ Kh8 23. Rfc1 Rab8 24. Qc2 Rfd8 25. h3 Ne5 26. Bf4 Qb7 27. Bxe5 fxe5 28. b3 h6 29. Rc7 Qxb3 30. Qxb3 Rxb3 31. Rxa7 Rd4 32. f3 Rb2 33. Rcc7 Rdd2 34. Rxg7 Rbc2 35. Rg6 h5 36. Rg5 h4 37. Rg4 Rc1+ 38. Kh2 Rh1+ 39. Kxh1 Rd1+ 40. Kh2 Rh1+ 41. Kxh1 1/2-1/2

[Event "Corsica-chT"]
[Site "Porticcio"]
[Date "2007.04.01"]
[Round "4.4"]
[White "Bellicou, Dominique"]
[Black "Gossart, Gerard"]
[Result "1-0"]
[WhiteElo "2080"]
[BlackElo "1722"]
[PlyCount "83"]
[EventDate "2007.03.07"]
[EventType "team"]
[EventRounds "9"]
[EventCountry "FRA"]
[SourceTitle "CBM 117 Extra"]
[Source "ChessBase"]
[SourceDate "2007.05.09"]
[SourceVersion "1"]
[SourceVersionDate "2007.05.09"]
[SourceQuality "1"]
[WhiteTeam "Echecs Club Ajaccien"]
[BlackTeam "Casinca"]
[WhiteTeamCountry "FRA"]
[BlackTeamCountry "FRA"]

1. e4 e5 2. Bc4 Bc5 3. Nf3 Nc6 4. 0-0 d6 5. b4 Bxb4 6. c3 Ba5 7. d4 Bb6 8. dxe5 Be6 9. Bxe6 fxe6 10. Ng5 Nxe5 11. Nxe6 Qe7 12. Qb3 Nf6 13. Bf4 Nd3 14. Nxc7+ Bxc7 15. Qb5+ Kf7 16. Qxd3 Qxe4 17. Qd2 Rhe8 18. Na3 Qa4 19. Nc2 Re4 20. Nd4 Rae8 21. f3 R4e7 22. Rfe1 Rxe1+ 23. Rxe1 Rxe1+ 24. Qxe1 Qxa2 25. Nb5 Qa5 26. Qb1 Qb6+ 27. Kf1 Ke7 28. Qd3 a6 29. Nd4 d5 30. Be3 Qb2 31. Qf5 Qa1+ 32. Ke2 Qa2+ 33. Kd3 Qc4+ 34. Kd2 Qa2+ 35. Nc2 Qa5 36. Qc8 b5 37. Bc5+ Kf7 38. Nd4 Qa2+ 39. Ke3 Bf4+ 40. Kxf4 Qd2+ 41. Ke5 Qe3+ 42. Kd6 1-0

[Event "Calvi Balagne op 03rd"]
[Site "Calvi"]
[Date "2006.02.25"]
[Round "7"]
[White "Gossart, Gerard"]
[Black "Alesandrini, Pierre"]
[Result "1-0"]
[WhiteElo "1720"]
[BlackElo "1010"]
[PlyCount "31"]
[EventDate "2006.02.19"]
[EventType "swiss"]
[EventRounds "9"]
[EventCountry "FRA"]
[SourceTitle "CBM 110 Extra"]
[Source "ChessBase"]
[SourceDate "2006.03.10"]
[SourceVersion "2"]
[SourceVersionDate "2006.03.10"]
[SourceQuality "1"]

1. e4 e5 2. Nf3 f6 3. Nxe5 fxe5 4. Qh5+ g6 5. Qxe5+ Be7 6. Qxh8 c6 7. Qxg8+ Bf8 8. Qxh7 Qa5 9. Bc4 Kd8 10. Qxg6 Kc7 11. 0-0 a6 12. d4 Ra7 13. Bf4+ Kd8 14. Qf6+ Be7 15. Qh8+ Bf8 16. Qxf8# 1-0

[Event "Corsica Masters op"]
[Site "Bastia"]
[Date "2005.10.30"]
[Round "1"]
[White "Gossart, Gerard"]
[Black "Korneev, Oleg"]
[Result "0-1"]
[WhiteElo "1728"]
[BlackElo "2601"]
[PlyCount "82"]
[EventDate "2005.10.30"]
[EventType "swiss (rapid)"]
[EventRounds "7"]
[EventCountry "FRA"]
[SourceTitle "EXT 2006"]
[Source "ChessBase"]
[SourceDate "2005.11.24"]
[SourceVersion "1"]
[SourceVersionDate "2005.11.24"]
[SourceQuality "1"]

1. e4 c5 2. Nf3 e6 3. d4 cxd4 4. Nxd4 a6 5. Be2 Nf6 6. Nc3 Qc7 7. 0-0 Nc6 8. Nxc6 bxc6 9. a3 d5 10. exd5 cxd5 11. Bf3 Bd6 12. h3 0-0 13. Bg5 Be5 14. Qd2 Bb7 15. Bxf6 Bxf6 16. Rab1 Rac8 17. Rfc1 h6 18. Qd3 Rfd8 19. Ne2 Bg5 20. Rd1 Qxc2 21. Qd4 Qc4 22. Qb6 Qc7 23. Qb4 a5 24. Qb3 Ba6 25. g3 Bc4 26. Qc2 Ba2 27. Qxc7 Rxc7 28. Ra1 Bb3 29. Rd3 Bc2 30. Rc3 Rdc8 31. h4 Bf6 32. Rxc7 Rxc7 33. Nc3 Bxc3 34. bxc3 Rxc3 35. Be2 d4 36. Rc1 e5 37. f3 d3 38. Bxd3 Rxd3 39. Rxc2 Rxf3 40. Ra2 Rxg3+ 41. Kf2 Rb3 0-1

[Event "Bastiais Master 1st"]
[Site "Bastia"]
[Date "2005.05.??"]
[Round "9"]
[White "Gossart, Gerard"]
[Black "Orsoni, Jean Philippe"]
[Result "1-0"]
[WhiteElo "1750"]
[BlackElo "1750"]
[PlyCount "134"]
[EventDate "2005.05.??"]
[EventType "tourn"]
[EventRounds "9"]
[EventCountry "FRA"]
[SourceTitle "EXT 2007"]
[Source "ChessBase"]
[SourceDate "2006.11.23"]
[SourceVersion "1"]
[SourceVersionDate "2006.11.23"]
[SourceQuality "1"]

1. e4 e5 2. Nf3 Nc6 3. Bc4 Nf6 4. d3 d5 5. exd5 Nxd5 6. Bxd5 Qxd5 7. Nc3 Bb4 8. Bd2 Qa5 9. a3 Bxc3 10. Bxc3 Qd5 11. h3 0-0 12. 0-0 b6 13. Re1 Re8 14. Re4 f6 15. Nd2 Ne7 16. Qe2 Ng6 17. Rd4 Qe6 18. Rg4 Bb7 19. Rg3 Nf4 20. Qg4 Qxg4 21. Rxg4 Bc8 22. Re1 Bxg4 23. hxg4 Nd5 24. Ne4 Nxc3 25. Nxc3 Rac8 26. Ne4 Red8 27. Ng3 c5 28. b3 b5 29. Re4 Rd4 30. Kf1 c4 31. Rxd4 exd4 32. dxc4 bxc4 33. b4 Re8 34. Nf5 d3 35. cxd3 cxd3 36. Ne3 Rc8 37. Ke1 Rc3 38. a4 Ra3 39. a5 Ra2 40. Nc4 Re2+ 41. Kd1 Rxf2 42. b5 Rxg2 43. b6 axb6 44. axb6 Rxg4 45. b7 Rg1+ 46. Kd2 Rb1 47. Na5 h5 48. Kxd3 Kf7 49. Kc4 h4 50. Nb3 h3 51. b8Q Rb2 52. Qc7+ Kg8 53. Qc8+ Kf7 54. Qxh3 Rc2+ 55. Kd5 Rc7 56. Nd4 Re7 57. Nc6 Re1 58. Qh5+ Kf8 59. Qg6 Re2 60. Qh7 Re1 61. Nd4 Kf7 62. Nf5 Rg1 63. Ke4 Re1+ 64. Kf3 Rg1 65. Nh6+ Ke7 66. Qe4+ Kf8 67. Qa8+ Ke7 1-0

[Event "Bastiais Master 1st"]
[Site "Bastia"]
[Date "2005.05.??"]
[Round "7"]
[White "Gossart, Gerard"]
[Black "Szymanski, Piotr2222"]
[Result "0-1"]
[WhiteElo "1750"]
[BlackElo "1909"]
[PlyCount "104"]
[EventDate "2005.05.??"]
[EventType "tourn"]
[EventRounds "9"]
[EventCountry "FRA"]
[SourceTitle "EXT 2007"]
[Source "ChessBase"]
[SourceDate "2006.11.23"]
[SourceVersion "1"]
[SourceVersionDate "2006.11.23"]
[SourceQuality "1"]

1. d4 Nf6 2. g3 g6 3. Bg2 Bg7 4. e4 d6 5. f4 c5 6. Nc3 cxd4 7. Qxd4 0-0 8. Qa4 a6 9. Nge2 Qb6 10. Nd5 Nxd5 11. exd5 Nd7 12. Rb1 Nc5 13. Qa3 Bf5 14. Kd2 Be4 15. Bxe4 Nxe4+ 16. Ke1 Qf2+ 17. Kd1 Qg2 18. Rg1 Qxh2 19. Qe3 Nf6 20. c4 Rac8 21. b3 Rfe8 22. Bb2 e6 23. Qf3 Qh3 24. dxe6 Rxe6 25. Nd4 Re4 26. Kd2 Rce8 27. Rbe1 Rxe1 28. Rxe1 Rxe1 29. Kxe1 Qh2 30. Ne2 Nh5 31. Bxg7 Kxg7 32. Kd2 Qh3 33. Kc3 Qd7 34. g4 Nf6 35. g5 Ne8 36. Nd4 f5 37. Qh1 Nc7 38. Kd3 d5 39. c5 Ne6 40. Nxe6+ Qxe6 41. Qa1+ Kg8 42. Qd4 Qe4+ 43. Kc3 a5 44. a3 Qh1 45. Kc2 Qf3 46. Kb2 Qe2+ 47. Kc3 Qe4 48. b4 Qe1+ 49. Kb3 Qb1+ 50. Kc3 Qa1+ 51. Kd3 Qxa3+ 52. Kc2 Qa2+ 0-1

[Event "Bastiais Master 1st"]
[Site "Bastia"]
[Date "2005.05.??"]
[Round "1"]
[White "Massoni, Michael"]
[Black "Gossart, Gerard"]
[Result "1-0"]
[WhiteElo "2045"]
[BlackElo "1750"]
[PlyCount "97"]
[EventDate "2005.05.??"]
[EventType "tourn"]
[EventRounds "9"]
[EventCountry "FRA"]
[SourceTitle "EXT 2007"]
[Source "ChessBase"]
[SourceDate "2006.11.23"]
[SourceVersion "1"]
[SourceVersionDate "2006.11.23"]
[SourceQuality "1"]

1. e4 e5 2. Nf3 Nc6 3. d4 exd4 4. Bc4 Bc5 5. c3 Nf6 6. e5 d5 7. Bb5 Nd7 8. Bxc6 bxc6 9. cxd4 Bb6 10. Nc3 0-0 11. 0-0 f6 12. Qa4 Bb7 13. e6 Nb8 14. Re1 Re8 15. Nh4 Bc8 16. e7 Rxe7 17. Bd2 Bd7 18. Rxe7 Qxe7 19. Re1 Qd6 20. Ne2 a5 21. Qc2 Na6 22. Bf4 Qf8 23. Nf5 Re8 24. a3 Bxf5 25. Qxf5 Bxd4 26. Qd3 Qc5 27. Rf1 Bxb2 28. Qxa6 Qxa3 29. Bxc7 Qe7 30. Qxc6 Qxe2 31. Qxd5+ Qe6 32. Qxa5 Bd4 33. Bg3 Qc4 34. Qh5 Qf7 35. Qf3 Qc4 36. Bf4 Qe6 37. h3 Qa2 38. Rd1 Ba7 39. Rd2 Qe6 40. Rd1 Qa2 41. Bg3 Qe6 42. Qb7 Re7 43. Qb4 Rd7 44. Re1 Qf7 45. Qe4 Rb7 46. Qc6 g6 47. Re8+ Kg7 48. Bd6 Qd7 49. Re7+ 1-0

[Event "Corsica-ch"]
[Site "Bastia"]
[Date "2004.06.13"]
[Round "2.1"]
[White "Vilaisarn, Akkhavanh"]
[Black "Gossart, Gerard"]
[Result "1/2-1/2"]
[WhiteElo "2156"]
[BlackElo "1880"]
[PlyCount "130"]
[EventDate "2004.06.12"]
[EventType "k.o."]
[EventRounds "4"]
[EventCountry "FRA"]
[SourceTitle "EXT 2007"]
[Source "ChessBase"]
[SourceDate "2006.11.23"]
[SourceVersion "1"]
[SourceVersionDate "2006.11.23"]
[SourceQuality "1"]

1. c4 b6 2. Nc3 e6 3. e4 Bb7 4. d3 g6 5. g3 Bh6 6. Bxh6 Nxh6 7. Qd2 Ng8 8. Bg2 f5 9. Nh3 Qf6 10. 0-0 Nc6 11. b4 Nge7 12. b5 Na5 13. Rac1 0-0 14. Qe3 e5 15. f4 d6 16. Nd5 Nxd5 17. cxd5 Rac8 18. Ng5 exf4 19. gxf4 Rfe8 20. Ne6 Rxe6 21. dxe6 Qxe6 22. Rc2 a6 23. Rfc1 Qe7 24. bxa6 Bxa6 25. Qd4 Bb7 26. exf5 c5 27. Bd5+ Bxd5 28. Qxd5+ Kg7 29. Qe6 Qxe6 30. fxe6 Kf6 31. Re2 Nc6 32. Re3 Ne7 33. Rce1 b5 34. R3e2 b4 35. Kf2 Ra8 36. h4 h5 37. Rb1 Nf5 38. e7 Re8 39. Rbe1 Rxe7 40. Rxe7 Nxe7 41. d4 c4 42. Rc1 c3 43. Ke3 Kf5 44. Rb1 Nd5+ 45. Kf3 Nxf4 46. Rg1 Ne6 47. Ke3 Nc7 48. Kd3 d5 49. Rg5+ Ke6 50. Kc2 Kf7 51. Kb3 Ke6 52. Rxg6+ Kf5 53. Rb6 Kg4 54. Rxb4 Kxh4 55. Rb7 Ne6 56. Kxc3 Kg3 57. a4 h4 58. a5 h3 59. a6 h2 60. Rh7 Nc7 61. Rg7+ Kh3 62. Rh7+ Kg2 63. Rg7+ Kf2 64. Rf7+ Kg2 65. Rg7+ Kf2 1/2-1/2

[Event "Calvi Balagne op 01st"]
[Site "Calvi"]
[Date "2004.??.??"]
[Round "1"]
[White "Gossart, Gerard"]
[Black "Koziak, Vitali"]
[Result "0-1"]
[WhiteElo "1750"]
[BlackElo "2448"]
[PlyCount "80"]
[EventDate "2004.02.21"]
[EventType "swiss"]
[EventRounds "9"]
[EventCountry "FRA"]
[SourceTitle "CBM 098 Extra"]
[Source "ChessBase"]
[SourceDate "2004.03.10"]
[SourceVersion "2"]
[SourceVersionDate "2004.03.10"]
[SourceQuality "1"]

1. e4 c5 2. Nf3 e6 3. d4 cxd4 4. Nxd4 Nc6 5. Be2 Nf6 6. f3 Qb6 7. Nb3 d5 8. Bg5 dxe4 9. Bxf6 exf3 10. Bxf3 Qe3+ 11. Qe2 Qxe2+ 12. Kxe2 gxf6 13. Nc3 Bd7 14. Rad1 0-0-0 15. Ne4 Be7 16. Nd6+ Bxd6 17. Rxd6 Be8 18. Rhd1 Rxd6 19. Rxd6 Ne5 20. Nd2 Rg8 21. g3 Bb5+ 22. Ke3 f5 23. b3 Ng4+ 24. Bxg4 Rxg4 25. Rd4 h5 26. Rxg4 hxg4 27. Kd4 Kd7 28. c4 Bc6 29. c5 Bd5 30. a3 f6 31. b4 Kc6 32. Nb1 e5+ 33. Ke3 Kb5 34. Nc3+ Kc4 35. Nxd5 Kxd5 36. Kd3 a5 37. Kc3 axb4+ 38. axb4 f4 39. gxf4 exf4 40. Kd3 g3 0-1

[Event "Bastiais Master"]
[Site "Bastia"]
[Date "2003.??.??"]
[Round "?"]
[White "Gossart, Gerard"]
[Black "Michel, Damien"]
[Result "1-0"]
[WhiteElo "1720"]
[BlackElo "1590"]
[PlyCount "102"]
[EventDate "2003.??.??"]
[EventType "swiss"]
[EventRounds "7"]
[EventCountry "FRA"]
[SourceTitle "EXT 2007"]
[Source "ChessBase"]
[SourceDate "2006.11.23"]
[SourceVersion "1"]
[SourceVersionDate "2006.11.23"]
[SourceQuality "1"]

1. e4 e5 2. Nf3 Nc6 3. Bc4 Bc5 4. Nc3 Nf6 5. d3 h6 6. Be3 Bxe3 7. fxe3 d6 8. Qe2 Bg4 9. h3 Bxf3 10. Qxf3 Qd7 11. 0-0-0 Na5 12. Bb5 c6 13. Ba4 b5 14. Bb3 Nxb3+ 15. axb3 0-0 16. d4 Qc7 17. g4 Nh7 18. h4 f6 19. Ne2 a5 20. Qf5 Ra7 21. Rd3 Qd7 22. Rhd1 Qxf5 23. exf5 e4 24. Rc3 Ra6 25. d5 c5 26. Ng3 Re8 27. Nh5 Nf8 28. Nf4 a4 29. Ne6 Nxe6 30. dxe6 axb3 31. Rxb3 Ra1+ 32. Kd2 Rxd1+ 33. Kxd1 b4 34. c3 Rb8 35. cxb4 cxb4 36. Ke2 Kf8 37. Kf2 Ke7 38. Kg3 d5 39. Kf4 Rb7 40. g5 h5 41. gxf6+ gxf6 42. Kg3 Kd6 43. Kf2 Kc5 44. Ke2 Kc4 45. Ra3 bxa3 46. bxa3 Kb3 47. Kd2 Kxa3 48. Kc3 Rb6 49. Kd4 Kb2 50. Kxd5 Kc3 51. Kxe4 Rb8 1-0